[Event "Sparkassen-Open A"]
[Site "Heusenstamm, Martinsee"]
[Date "2024.11.21"]
[Round "1.1"]
[White "Grigoryan, Karen H."]
[Black "Kalepky, Helmut"]
[Result "1-0"]
[WhiteElo "2603"]
[BlackElo "1951"]
[PlyCount "65"]
[EventDate "2024.11.21"]
[WhiteTeam "Yerevan"]
[BlackTeam "Sfr.Heidesheim"]

1. d4 d5 2. c4 Nc6 3. Nc3 dxc4 4. d5 Ne5 5. e4 e6 6. Qd4 Nd3+ 7. Bxd3 cxd3 8. Nf3 f6 9. O-O e5 10. Qxd3 Bd6 11. Nd2 Ne7 12. Nc4 O-O 13. b3 a6 14. a4 Bc5 15. Be3 Bxe3 16. Qxe3 Bd7 17. a5 Nc8 18. Qc5 Bg4 19. f3 Bh5 20. Rfc1 Nd6 21. Nxd6 cxd6 22. Qb4 Rb8 23. Na4 Be8 24. Nb6 Bb5 25. Rc3 f5 26. exf5 Rxf5 27. Rac1 Qg5 28. Nc8 Rxf3 29. Qxd6 Rxc3 30. Rxc3 h6 31. Qxb8 Kh7 32. h3 Qf4 33. Ne7 1-0

[Event "Sparkassen-Open A"]
[Site "Heusenstamm, Martinsee"]
[Date "2024.11.21"]
[Round "1.2"]
[White "Nickel, Jonas"]
[Black "Sivuk, Vitaly"]
[Result "0-1"]
[WhiteElo "1950"]
[BlackElo "2502"]
[PlyCount "68"]
[EventDate "2024.11.21"]
[WhiteTeam "Schachdrachen Büdingen-Wächtersb"]
[BlackTeam "Sfr. Wolfhagen e. V."]

1. e4 c5 2. Nf3 d6 3. d4 cxd4 4. Nxd4 Nf6 5. Nc3 a6 6. h3 e6 7. g4 Be7 8. Be3 b5 9. Bg2 Bb7 10. g5 Nfd7 11. f4 b4 12. Nce2 Nc5 13. Ng3 O-O 14. h4 Nc6 15. Qg4 Rc8 16. O-O Nxd4 17. Bxd4 e5 18. Be3 exf4 19. Bxf4 Ne6 20. Rac1 Nxf4 21. Rxf4 g6 22. Qf3 a5 23. a3 bxa3 24. Qxa3 d5 25. Qb3 Qc7 26. Rf3 dxe4 27. Rc3 Bc5+ 28. Kh1 e3 29. Rxc5 Qxg3 30. Qxb7 Qxh4+ 31. Kg1 Qf2+ 32. Kh1 Rxc5 33. Rf1 Qh4+ 34. Kg1 e2 0-1

[Event "Sparkassen-Open A"]
[Site "Heusenstamm, Martinsee"]
[Date "2024.11.21"]
[Round "1.3"]
[White "Krastev, Alexander"]
[Black "Bezsonna, Polina"]
[Result "1-0"]
[WhiteElo "2425"]
[BlackElo "1949"]
[PlyCount "53"]
[EventDate "2024.11.21"]
[WhiteTeam "Schachgesellschaft Solingen e. V"]
[BlackTeam "SK Bad Homburg 1927"]

1. e4 c5 2. Nf3 Nc6 3. Bb5 g6 4. Bxc6 bxc6 5. O-O Bg7 6. Re1 Qc7 7. e5 Nh6 8. d3 O-O 9. Bf4 Qb6 10. Nbd2 Nf5 11. Nc4 Qd8 12. c3 h5 13. Qa4 a5 14. Ne3 Nxe3 15. Rxe3 Qb6 16. Qc2 Ba6 17. Nd2 Ra7 18. Ne4 Rb7 19. Rb1 Ra8 20. a4 Raa7 21. h3 c4 22. d4 Qb3 23. Qc1 Qxa4 24. Bg5 d6 25. exd6 exd6 26. Nf6+ Bxf6 27. Bxf6 1-0

[Event "Sparkassen-Open A"]
[Site "Heusenstamm, Martinsee"]
[Date "2024.11.21"]
[Round "1.4"]
[White "Bauer, Laura Sophie"]
[Black "Peng, Li Min"]
[Result "0-1"]
[WhiteElo "1927"]
[BlackElo "2516"]
[PlyCount "134"]
[EventDate "2024.11.21"]
[WhiteTeam "SK Kelheim 1920"]
[BlackTeam "Sfr. Wolfhagen e. V."]

1. e4 c5 2. Nf3 d6 3. d4 cxd4 4. Nxd4 Nf6 5. Nc3 a6 6. Bd3 e5 7. Nde2 Be7 8. O-O Be6 9. f4 exf4 10. Nxf4 Nc6 11. Be3 O-O 12. Qe2 Ne5 13. Ncd5 Rc8 14. b3 Nxd5 15. exd5 Bg4 16. Qf2 Bh4 17. Qd2 Bf6 18. Rac1 Nxd3 19. cxd3 Re8 20. Rxc8 Qxc8 21. Rc1 Qd8 22. h3 Bd7 23. Nh5 Be7 24. Qf2 Bh4 25. Qf3 g6 26. Nf4 Qa5 27. Rf1 f5 28. Qe2 Bf6 29. Qf2 Qb4 30. Kh1 a5 31. Bd2 Qb5 32. Re1 Rc8 33. Qg3 Kf7 34. Qe3 Qc5 35. Qxc5 Rxc5 36. Rc1 Rxc1+ 37. Bxc1 g5 38. Ne2 Bb5 39. Bd2 Bxd3 40. Nc1 Be4 41. Bxa5 Bxd5 42. Bb4 Ke6 43. Ne2 f4 44. Kg1 Bc6 45. Kf2 Bb5 46. Bd2 Kf5 47. Bb4 Ke6 48. Bd2 Be5 49. a3 Kf5 50. Nc3 Bd4+ 51. Ke1 Bd3 52. b4 Ke5 53. Ne2 Bxe2 54. Kxe2 b5 55. Kd3 Bb2 56. Kc2 Bxa3 57. Kb3 Ke4 58. Kxa3 Kd3 59. Bc1 Ke2 60. h4 h6 61. hxg5 hxg5 62. Bb2 Kf1 63. Bf6 Kxg2 64. Bxg5 f3 65. Be3 f2 66. Bxf2 Kxf2 67. Kb3 Ke3 0-1

[Event "Sparkassen-Open A"]
[Site "Heusenstamm, Martinsee"]
[Date "2024.11.21"]
[Round "1.5"]
[White "Köllner, Ruben Gideon"]
[Black "Musiienko, Platon"]
[Result "1-0"]
[WhiteElo "2484"]
[BlackElo "1947"]
[PlyCount "69"]
[EventDate "2024.11.21"]
[WhiteTeam "SF Deizisau"]
[BlackTeam "Wiesbadener SV 1885"]

1. d4 d5 2. Nf3 Nf6 3. e3 e6 4. Nbd2 Be7 5. Bd3 O-O 6. O-O Nbd7 7. Ne5 c5 8. c3 Qc7 9. f4 b6 10. g4 Bb7 11. Qf3 Ne8 12. Qh3 Ndf6 13. g5 Ne4 14. Rf3 N8d6 15. Qg4 c4 16. Bxe4 dxe4 17. Rh3 g6 18. Nf1 b5 19. Ng3 Nf5 20. Bd2 a5 21. Qe2 Bd5 22. Ng4 Bd8 23. Qg2 Qb7 24. Nf6+ Bxf6 25. gxf6 Nd6 26. Rh6 Ne8 27. Nh5 Kh8 28. Qg5 Qd7 29. Qh4 Qd8 30. Kf2 Rb8 31. Rg1 b4 32. Rg3 e5 33. Rxh7+ Kxh7 34. Ng7+ Kg8 35. Rh3 1-0

[Event "Sparkassen-Open A"]
[Site "Heusenstamm, Martinsee"]
[Date "2024.11.21"]
[Round "1.6"]
[White "Stuhlmann, Florian"]
[Black "Poetsch, Hagen"]
[Result "0-1"]
[WhiteElo "1947"]
[BlackElo "2502"]
[PlyCount "66"]
[EventDate "2024.11.21"]
[WhiteTeam "SC Königsflügel Lindenholzhausen"]
[BlackTeam "SC Heusenstamm"]

1. d4 Nf6 2. c4 e6 3. Nc3 Bb4 4. Qc2 d5 5. cxd5 exd5 6. Bg5 h6 7. Bh4 Nc6 8. e3 g5 9. Bg3 h5 10. Bd3 h4 11. Be5 Rh6 12. h3 Nxe5 13. dxe5 Nd7 14. f4 gxf4 15. exf4 d4 16. Qa4 Qe7 17. a3 Rb6 18. axb4 Rxb4 19. Qc2 dxc3 20. Ne2 cxb2 21. Rb1 Nc5 22. O-O Be6 23. Nc3 Nxd3 24. Qxd3 Qc5+ 25. Rf2 Rd8 26. Qf3 Bf5 27. e6 Bxb1 28. exf7+ Kxf7 29. Nxb1 Qf5 30. Rf1 Qd5 31. Qe2 Re4 32. Qc2 Qc4 33. Qf2 Qd4 0-1

[Event "Sparkassen-Open A"]
[Site "Heusenstamm, Martinsee"]
[Date "2024.11.21"]
[Round "1.7"]
[White "Noe, Christopher"]
[Black "Eggenstein, Frank"]
[Result "1-0"]
[WhiteElo "2510"]
[BlackElo "1945"]
[PlyCount "53"]
[EventDate "2024.11.21"]
[WhiteTeam "SC Eppingen"]
[BlackTeam "Schachverein Datteln 1924"]

1. d4 Nf6 2. c4 g6 3. Nc3 Bg7 4. e4 d6 5. h3 O-O 6. Be3 Nc6 7. d5 Nb8 8. Nf3 a5 9. Be2 Na6 10. O-O e5 11. a3 Bd7 12. Rb1 a4 13. Bd3 Qe8 14. Bc2 Nb8 15. c5 Qe7 16. Nd2 dxc5 17. Bxa4 Bxa4 18. Nxa4 Nbd7 19. Qc2 b6 20. b4 c4 21. Nc3 Rxa3 22. Nb5 Raa8 23. Nxc7 Rac8 24. Nb5 c3 25. Na7 Rc7 26. Nc6 Qd6 27. Nc4 1-0

[Event "Sparkassen-Open A"]
[Site "Heusenstamm, Martinsee"]
[Date "2024.11.21"]
[Round "1.8"]
[White "Sreeramulu, Aarush"]
[Black "Nothnagel, Marian Can"]
[Result "0-1"]
[WhiteElo "1942"]
[BlackElo "2416"]
[PlyCount "66"]
[EventDate "2024.11.21"]
[WhiteTeam "SK Marburg 1931/72"]
[BlackTeam "SK Bickenbach"]

1. d4 Nf6 2. c4 g6 3. Nc3 Bg7 4. e4 d6 5. f4 c5 6. d5 O-O 7. Nf3 e6 8. Bd3 exd5 9. cxd5 b5 10. e5 dxe5 11. fxe5 Ng4 12. Bxb5 Nxe5 13. O-O Bg4 14. Be2 Bxf3 15. Bxf3 Nbd7 16. Bf4 c4 17. Qd2 Nd3 18. Rab1 Qa5 19. Be4 Nxb2 20. Rfc1 Nd3 21. Bxd3 cxd3 22. Qxd3 Rac8 23. Ne4 Rxc1+ 24. Rxc1 Qxa2 25. d6 Re8 26. h3 Qa5 27. Bg3 Qf5 28. Rc4 Be5 29. Qb3 Bxg3 30. Nxg3 Qe5 31. Qd3 Qe1+ 32. Qf1 Qxg3 33. Rc1 Qxd6 0-1

[Event "Sparkassen-Open A"]
[Site "Heusenstamm, Martinsee"]
[Date "2024.11.21"]
[Round "1.9"]
[White "Milov, Leonid"]
[Black "Tietzen, Stefan"]
[Result "1-0"]
[WhiteElo "2427"]
[BlackElo "1942"]
[PlyCount "53"]
[EventDate "2024.11.21"]
[WhiteTeam "SC Noris-Tarrasch Nürnberg 1873"]
[BlackTeam "SK 1980 Gernsheim"]

1. e4 c5 2. Nf3 e6 3. Nc3 Nc6 4. d4 cxd4 5. Nxd4 a6 6. Nxc6 bxc6 7. Bd3 d5 8. O-O Nf6 9. Re1 Be7 10. Qf3 O-O 11. Qg3 Re8 12. Bg5 Bb7 13. Qh3 g6 14. Rad1 Nh5 15. Be3 Qd6 16. Qf3 f5 17. exf5 exf5 18. Na4 Nf6 19. Bc5 Qc7 20. c4 Ne4 21. Bxe4 fxe4 22. Qc3 Bd6 23. Bxd6 Qxd6 24. Qd4 Qb4 25. Nc5 Rad8 26. cxd5 Qb6 27. d6 1-0

[Event "Sparkassen-Open A"]
[Site "Heusenstamm, Martinsee"]
[Date "2024.11.21"]
[Round "1.10"]
[White "Zimmer, Gerald"]
[Black "Dgebuadze, Alexandre"]
[Result "0-1"]
[WhiteElo "1942"]
[BlackElo "2408"]
[PlyCount "144"]
[EventDate "2024.11.21"]
[WhiteTeam "SC Bergen-Enkheim 1922"]
[BlackTeam "SC Remagen-Sinzig e.V."]

1. d4 Nf6 2. Nf3 d6 3. b3 c5 4. e3 g6 5. Bb2 Bg7 6. c4 O-O 7. Nc3 Nc6 8. d5 Nb4 9. a3 Na6 10. Be2 Nc7 11. O-O Bd7 12. Qc2 Rb8 13. a4 Na6 14. Na2 Bf5 15. Bd3 Bg4 16. Nd2 Qc8 17. Ne4 Nxe4 18. Bxg7 Kxg7 19. Bxe4 Bd7 20. Bd3 Qc7 21. e4 e5 22. f4 exf4 23. Qc3+ f6 24. Rxf4 Rbe8 25. Raf1 Qd8 26. Bc2 Qe7 27. h4 Qe5 28. Qxe5 Rxe5 29. Bd3 h6 30. Kh2 g5 31. hxg5 hxg5 32. R4f2 Be8 33. g4 Nb8 34. Nc3 a6 35. Kg3 Nd7 36. Rh1 Rh8 37. Rxh8 Kxh8 38. Nd1 Bg6 39. Nc3 Kg7 40. Rh2 Re7 41. Rf2 Ne5 42. Be2 Re8 43. Rh2 Kf7 44. Kf2 Ke7 45. Ke1 Kd7 46. Kd2 Kc7 47. Kc2 Kb6 48. Kb2 Ka5 49. Rh6 Rg8 50. Ka3 Kb6 51. Kb2 Rg7 52. Kc2 Kc7 53. Kd2 Rg8 54. Kc2 Kd8 55. Kd2 Ke8 56. Ke3 Kf8 57. Kf2 Kg7 58. Rh2 Rb8 59. Rh1 Be8 60. Kg3 Bd7 61. a5 b6 62. axb6 Rxb6 63. Bd1 Bxg4 64. Bxg4 Rxb3 65. Rc1 Nd3 66. Rb1 Rxc3 67. Rb7+ Kh6 68. Bf5 Ne5+ 69. Kg2 g4 70. Rb6 Nxc4 71. Rxa6 Kg5 72. Ra8 Ne3+ 0-1

[Event "Sparkassen-Open A"]
[Site "Heusenstamm, Martinsee"]
[Date "2024.11.21"]
[Round "1.11"]
[White "Smith, Bryan"]
[Black "Merz, Leander"]
[Result "1-0"]
[WhiteElo "2399"]
[BlackElo "1935"]
[PlyCount "69"]
[EventDate "2024.11.21"]
[WhiteTeam "TSV Poing"]
[BlackTeam "Schachforum Darmstadt 1994"]

1. e4 c6 2. d4 d5 3. f3 e6 4. Nc3 Nf6 5. Be3 Bb4 6. e5 Nfd7 7. a3 Be7 8. f4 c5 9. Nf3 Nc6 10. Qd2 a6 11. Be2 b5 12. O-O O-O 13. dxc5 Nxc5 14. Nd4 Bb7 15. Nxc6 Bxc6 16. Bd4 Rc8 17. Qe3 Bb7 18. b4 Nd7 19. Bd3 g6 20. f5 exf5 21. Rxf5 gxf5 22. Bxf5 Rc6 23. Qh3 Rg6 24. Bxd7 Bg5 25. e6 Bf6 26. Ne2 Bxd4+ 27. Nxd4 Qb6 28. Qe3 fxe6 29. Bxe6+ Kh8 30. Qe5+ Rff6 31. Rf1 Qd8 32. Bf7 Rh6 33. g4 Qd7 34. Rxf6 Qxg4+ 35. Kh1 1-0

[Event "Sparkassen-Open A"]
[Site "Heusenstamm, Martinsee"]
[Date "2024.11.21"]
[Round "1.12"]
[White "Trumpp, Lothar"]
[Black "Bagrationi, Alexander"]
[Result "0-1"]
[WhiteElo "1908"]
[BlackElo "2391"]
[PlyCount "56"]
[EventDate "2024.11.21"]
[WhiteTeam "VSG 1880 Offenbach"]
[BlackTeam "SV Hemer 1932 e. V."]

1. b3 e5 2. Bb2 Nc6 3. e3 g6 4. Nf3 Bg7 5. Bb5 Nge7 6. d4 e4 7. Nfd2 f5 8. O-O O-O 9. c4 a6 10. Bxc6 dxc6 11. Qc2 g5 12. Nc3 Ng6 13. f3 exf3 14. Nxf3 g4 15. Ne1 f4 16. Ne2 fxe3 17. Nd3 Qg5 18. Rxf8+ Nxf8 19. Rf1 Bf5 20. Ng3 Bg6 21. Qe2 Ne6 22. Ne5 Bxe5 23. dxe5 Nf4 24. Qe1 e2 25. Rxf4 Qxf4 26. Qxe2 Rd8 27. Nf1 Bd3 28. Qd1 Qxf1+ 0-1

[Event "Sparkassen-Open A"]
[Site "Heusenstamm, Martinsee"]
[Date "2024.11.21"]
[Round "1.13"]
[White "Stork, Oliver"]
[Black "Brehme, Ralf-Peter"]
[Result "1-0"]
[WhiteElo "2366"]
[BlackElo "1934"]
[PlyCount "65"]
[EventDate "2024.11.21"]
[WhiteTeam "Klub Kölner Schachfreunde e. V."]
[BlackTeam "Vorw.Orient Mainz"]

1. e4 d5 2. exd5 Nf6 3. d4 Bg4 4. Be2 Bxe2 5. Nxe2 Qxd5 6. O-O Nc6 7. Nbc3 Qh5 8. Nf4 Qxd1 9. Rxd1 O-O-O 10. d5 Ne5 11. b3 g5 12. Nfe2 Rg8 13. Bb2 Ned7 14. Na4 Nb6 15. Nxb6+ axb6 16. c4 Bg7 17. Ng3 Ne8 18. Bxg7 Nxg7 19. Ne4 Nf5 20. a4 Nd6 21. Nc3 Kd7 22. g3 h5 23. Kg2 Rg6 24. a5 bxa5 25. c5 Nc8 26. Rxa5 b6 27. c6+ Ke8 28. Ra8 Nd6 29. Rda1 e6 30. dxe6 fxe6 31. Rxd8+ Kxd8 32. Ra8+ Nc8 33. Nb5 1-0

[Event "Sparkassen-Open A"]
[Site "Heusenstamm, Martinsee"]
[Date "2024.11.21"]
[Round "1.15"]
[White "Boder, Jan"]
[Black "Schellenberger, Dirk"]
[Result "1-0"]
[WhiteElo "2338"]
[BlackElo "1932"]
[PlyCount "99"]
[EventDate "2024.11.21"]
[WhiteTeam "SC ML Kastellaun"]
[BlackTeam "Schachclub Aschaffenburg e.V."]

1. c4 Nf6 2. g3 e5 3. Bg2 Nc6 4. Nc3 g6 5. Nf3 Bg7 6. O-O O-O 7. Rb1 d5 8. cxd5 Nxd5 9. Nxe5 Nxc3 10. Nxc6 Nxe2+ 11. Qxe2 bxc6 12. Bxc6 Rb8 13. b4 Be6 14. d3 Bd5 15. Bxd5 Qxd5 16. Be3 Rfd8 17. Rfc1 Rb7 18. Rb3 Bf8 19. Bc5 Bh6 20. Rc4 Rdb8 21. Re4 Qc6 22. d4 Bf8 23. Rc3 Qd7 24. a3 Bxc5 25. dxc5 Rd8 26. c6 Qd1+ 27. Kg2 Qxe2 28. Rxe2 Rbb8 29. Re7 Rbc8 30. Rd7 Kf8 31. Rcd3 Re8 32. Re3 Red8 33. Ree7 Rxd7 34. Rxd7 Kg7 35. f4 h5 36. Kf3 Kf6 37. Ke4 Ke6 38. Kd4 a6 39. Kc5 f6 40. a4 g5 41. b5 axb5 42. axb5 gxf4 43. gxf4 Kf5 44. Rxc7 Re8 45. b6 Re1 46. b7 Rc1+ 47. Kd6 Rd1+ 48. Ke7 Re1+ 49. Kd7 Rb1 50. Rc8 1-0

[Event "Sparkassen-Open A"]
[Site "Heusenstamm, Martinsee"]
[Date "2024.11.21"]
[Round "1.16"]
[White "Heppert, Lars"]
[Black "Tschernatsch, Johannes"]
[Result "0-1"]
[WhiteElo "1911"]
[BlackElo "2329"]
[PlyCount "156"]
[EventDate "2024.11.21"]
[WhiteTeam "SK Neuburg"]
[BlackTeam "SV Babelsberg 03 e.V."]

1. Nf3 d5 2. e3 Nf6 3. c4 e6 4. Nc3 Be7 5. b3 O-O 6. Bb2 b6 7. cxd5 exd5 8. g3 c5 9. d4 Nc6 10. Bg2 Ba6 11. Ne2 Ne4 12. O-O Rc8 13. a3 Re8 14. Re1 Bf6 15. Rc1 g6 16. Rc2 Na5 17. Rc1 b5 18. Ba1 c4 19. b4 Nb3 20. Rb1 Bb7 21. Qc2 a5 22. Nc3 axb4 23. axb4 Be7 24. Nxe4 dxe4 25. Nd2 Bxb4 26. Bc3 Bxc3 27. Qxc3 Nxd2 28. Qxd2 Bc6 29. Red1 Qd6 30. Rb4 Ra8 31. Rdb1 Ra3 32. Bf1 Qd5 33. h4 h6 34. Be2 Kg7 35. Kg2 Rea8 36. Rc1 Kh7 37. Rb2 R8a4 38. Rbc2 Qf5 39. Rd1 Bd5 40. Rb1 Qd7 41. Qd1 Qc6 42. Rcb2 Ra5 43. Qf1 Kg7 44. Kh2 Ra2 45. Rb4 Qd7 46. Kg1 Bc6 47. Rc1 Ra8 48. Qd1 Qd5 49. Qf1 g5 50. h5 f5 51. Rbb1 g4 52. Ra1 Qd6 53. Rxa2 Rxa2 54. Qd1 Kf6 55. Ra1 Rxa1 56. Qxa1 Kg5 57. Qa7 Bd5 58. Qa5 b4 59. Qb5 c3 60. Bd1 Bf7 61. Kg2 Bxh5 62. Bb3 Bg6 63. Qb7 Kf6 64. Qc8 h5 65. Qh8+ Kg5 66. Qg7 h4 67. gxh4+ Kxh4 68. Qh8+ Kg5 69. Qg7 f4 70. Bc2 f3+ 71. Kg1 g3 72. Qh8 gxf2+ 73. Kxf2 Kg4 74. Qc8+ Kh4 75. Qh8+ Bh5 76. Kf1 Qg6 77. Qd8+ Kh3 78. Qc8+ Kh2 0-1

[Event "Sparkassen-Open A"]
[Site "Heusenstamm, Martinsee"]
[Date "2024.11.21"]
[Round "1.17"]
[White "Weber, Samuel"]
[Black "Carrella, Adriano"]
[Result "0-1"]
[WhiteElo "2260"]
[BlackElo "1922"]
[PlyCount "108"]
[EventDate "2024.11.21"]
[WhiteTeam "SV Oberursel"]
[BlackTeam "SC ML Kastellaun"]

1. c4 e5 2. g3 c6 3. d4 e4 4. d5 d6 5. Nc3 f5 6. h4 Nf6 7. Nh3 Nbd7 8. Nf4 Ne5 9. Qb3 Be7 10. Bh3 O-O 11. Be3 Nfg4 12. Rd1 Nxe3 13. fxe3 Qb6 14. Qxb6 axb6 15. b3 Bd7 16. O-O g6 17. Rd2 h5 18. dxc6 bxc6 19. Rfd1 Rf6 20. a4 Be8 21. Rd4 Bf7 22. Rc1 Rd8 23. Bg2 Ng4 24. b4 Nxe3 25. a5 bxa5 26. b5 c5 27. Rd5 Nxc4 28. Ra1 Ra8 29. Kf2 Nb6 30. Ra4 Nxa4 31. Nxa4 Bxd5 32. Nxd5 Rf7 33. e3 Rb8 34. Bf1 Bf8 35. Bc4 Kg7 36. Ke2 Rfb7 37. b6 Be7 38. Ba6 Bd8 39. Bxb7 Rxb7 40. Kd2 Bf6 41. Nf4 Kf7 42. Kc2 c4 43. Nd5 Be5 44. Nc7 Bxg3 45. Kc3 Bxh4 46. Kxc4 Bd8 47. Nb5 Rxb6 48. Nxb6 Bxb6 49. Kd5 Bc5 50. Nc7 h4 51. Ne6 Bxe3 52. Kxd6 h3 53. Nc7 h2 54. Na8 h1=Q 0-1

[Event "Sparkassen-Open A"]
[Site "Heusenstamm, Martinsee"]
[Date "2024.11.21"]
[Round "1.18"]
[White "Kulenovic, Adnan"]
[Black "Haack, Kevin"]
[Result "0-1"]
[WhiteElo "1918"]
[BlackElo "2304"]
[PlyCount "74"]
[EventDate "2024.11.21"]
[WhiteTeam "Spielgemeinschaft Kinzigtal"]
[BlackTeam "SV 1920 Hofheim"]

1. c4 b6 2. e4 Bb7 3. Nc3 e6 4. g3 Bb4 5. Bg2 f5 6. f3 Bxc3 7. bxc3 Nf6 8. d3 O-O 9. e5 Ne8 10. Nh3 d6 11. exd6 Qxd6 12. O-O Nd7 13. Nf2 Rd8 14. Qe2 Nef6 15. Bg5 h6 16. Bxf6 Rxf6 17. f4 Bxg2 18. Kxg2 e5 19. Nh3 Re6 20. Rae1 Rde8 21. fxe5 Rxe5 22. Qf2 Qxd3 23. Rxe5 Nxe5 24. Qxf5 Qxc4 25. Nf4 Qxa2+ 26. Rf2 Qc4 27. Re2 Qc6+ 28. Kh3 Nf7 29. Rxe8+ Qxe8 30. Ne6 Qc8 31. Kg4 Qd7 32. h4 a5 33. Kh5 a4 34. Nxg7 Qd1+ 35. g4 Kxg7 36. Qg6+ Kf8 37. Qe6 Qd6 0-1

[Event "Sparkassen-Open A"]
[Site "Heusenstamm, Martinsee"]
[Date "2024.11.21"]
[Round "1.19"]
[White "Hirneise, Jens"]
[Black "Burkhardt, Jan"]
[Result "1-0"]
[WhiteElo "2315"]
[BlackElo "1916"]
[PlyCount "57"]
[EventDate "2024.11.21"]
[WhiteTeam "SC Böblingen 1975 e.V."]
[BlackTeam "Sfr.Mainz 1928"]

1. e4 e5 2. Nf3 Nc6 3. d4 exd4 4. Nxd4 Bc5 5. Nb3 Bb6 6. Qe2 d6 7. Be3 Nf6 8. Nc3 O-O 9. f3 Re8 10. O-O-O Qe7 11. g4 Be6 12. h4 Ne5 13. Bh3 Nc4 14. Bxb6 Nxb6 15. Nd4 Bc4 16. Qd2 g6 17. h5 d5 18. hxg6 hxg6 19. Nf5 Qf8 20. g5 Nh7 21. Bg4 gxf5 22. Bxf5 Nxg5 23. Qxg5+ Qg7 24. Qh4 Kf8 25. Rhg1 Qe5 26. f4 Qd6 27. e5 Qc6 28. Bh7 f6 29. exf6 1-0

[Event "Sparkassen-Open A"]
[Site "Heusenstamm, Martinsee"]
[Date "2024.11.21"]
[Round "1.20"]
[White "Maerz, Maximilian"]
[Black "Hinrichs, Paul"]
[Result "0-1"]
[WhiteElo "1914"]
[BlackElo "2286"]
[PlyCount "48"]
[EventDate "2024.11.21"]
[WhiteTeam "SC Heimbach-Weis/Neuwied e.V."]
[BlackTeam "Sfr.Heidesheim"]

1. d4 d5 2. c4 c6 3. Nf3 Nf6 4. Nc3 e6 5. Bg5 h6 6. Bh4 Nbd7 7. e3 Be7 8. Qc2 O-O 9. Bd3 c5 10. O-O b6 11. e4 dxc4 12. Bxc4 cxd4 13. Nxd4 Ne5 14. Nce2 Bb7 15. f3 Rc8 16. Nxe6 Rxc4 17. Qxc4 Nxc4 18. Nxd8 Rxd8 19. Rac1 Ba6 20. b3 Ne3 21. Kf2 Rd2 22. Kxe3 Rxe2+ 23. Kd4 Ba3 24. Rfe1 Bb2+ 0-1

[Event "Sparkassen-Open A"]
[Site "Heusenstamm, Martinsee"]
[Date "2024.11.21"]
[Round "1.21"]
[White "Baranyai-Molnar, Adam-Kristof"]
[Black "Voss, Georg"]
[Result "1-0"]
[WhiteElo "2238"]
[BlackElo "1913"]
[PlyCount "55"]
[EventDate "2024.11.21"]
[WhiteTeam "SF Neuberg"]
[BlackTeam "SV Meschede e. V."]

1. e4 d5 2. exd5 Qxd5 3. Nc3 Qd8 4. Nf3 Nf6 5. Bc4 a6 6. a4 Nc6 7. h3 e6 8. d4 Be7 9. O-O O-O 10. Ne2 b6 11. c3 Bb7 12. Bd3 Nd5 13. Ng3 Nf6 14. Re1 h6 15. Nh2 Bd6 16. Ng4 Nxg4 17. Qxg4 f5 18. Qe2 Rf6 19. Bc4 Bc8 20. Qf3 Bxg3 21. fxg3 Bd7 22. Bf4 Kh7 23. b4 Ne7 24. b5 a5 25. Kh2 g5 26. Bxc7 Qxc7 27. Qxa8 Qxc4 28. Qd8 1-0

[Event "Sparkassen-Open A"]
[Site "Heusenstamm, Martinsee"]
[Date "2024.11.21"]
[Round "1.22"]
[White "Wilke, Jörg"]
[Black "Chassard, Cedric"]
[Result "0-1"]
[WhiteElo "1913"]
[BlackElo "2283"]
[PlyCount "62"]
[EventDate "2024.11.21"]
[WhiteTeam "SC Matt im Park Ffm"]
[BlackTeam "SV 1926 Riegelsberg"]

1. d4 Nf6 2. c4 e6 3. Nc3 Bb4 4. Qc2 b6 5. e4 c5 6. Nf3 cxd4 7. Nxd4 Bb7 8. f3 O-O 9. Be3 d5 10. cxd5 exd5 11. e5 Re8 12. Qf5 Bc8 13. Qg5 h6 14. Qg3 Nh5 15. Qf2 Qc7 16. Kd2 Qxe5 17. Bb5 Bd7 18. Rae1 Qd6 19. g4 Nf4 20. h4 Ne6 21. Nf5 Bxc3+ 22. bxc3 Qa3 23. Bd3 Qxa2+ 24. Bc2 Ba4 25. Rc1 Nc6 26. Bxh6 d4 27. Bxg7 Nxg7 28. c4 Qb2 29. Kd1 d3 30. Nh6+ Kf8 31. Rh2 dxc2+ 0-1

[Event "Sparkassen-Open A"]
[Site "Heusenstamm, Martinsee"]
[Date "2024.11.21"]
[Round "1.23"]
[White "Eilers, Stefan"]
[Black "Gundel, Julian"]
[Result "1-0"]
[WhiteElo "2275"]
[BlackElo "1912"]
[PlyCount "51"]
[EventDate "2024.11.21"]
[WhiteTeam "SAbt SG 1945 Dietzenbach"]
[BlackTeam "SV Königsspringer 1929 Großauhei"]

1. d4 g6 2. c3 Bg7 3. Nf3 d5 4. Bf4 Nf6 5. e3 Bg4 6. Qb3 Qc8 7. Ne5 Bf5 8. Nd2 O-O 9. Be2 c6 10. h3 Nbd7 11. g4 Be6 12. Ndf3 a5 13. a4 Nxe5 14. Nxe5 Nd7 15. Nf3 f6 16. Rg1 Bf7 17. Bh2 e5 18. g5 e4 19. gxf6 Bxf6 20. Ng5 c5 21. Nxf7 Rxf7 22. Qxd5 cxd4 23. Bc4 dxc3 24. Qxf7+ Kh8 25. O-O-O cxb2+ 26. Kb1 1-0

[Event "Sparkassen-Open A"]
[Site "Heusenstamm, Martinsee"]
[Date "2024.11.21"]
[Round "1.24"]
[White "Schumacher, Markus"]
[Black "Glöckler, Christian"]
[Result "0-1"]
[WhiteElo "1902"]
[BlackElo "2266"]
[PlyCount "62"]
[EventDate "2024.11.21"]
[WhiteTeam "Godesberger SK 1929 e. V"]
[BlackTeam "Wiesbadener SV 1885"]

1. e4 c5 2. Nf3 d6 3. Bb5+ Nd7 4. c3 Ngf6 5. e5 dxe5 6. Nxe5 a6 7. Nxd7 Bxd7 8. Be2 Bc6 9. O-O e6 10. d4 cxd4 11. Qxd4 Qxd4 12. cxd4 Rd8 13. Be3 Be7 14. Nc3 O-O 15. Rac1 Rd7 16. a3 Rfd8 17. Na2 Nd5 18. Bxa6 Nxe3 19. fxe3 Bg5 20. Rfe1 e5 21. dxe5 Rd2 22. Bf1 Rxb2 23. Nb4 Be4 24. Rc4 Bf5 25. Kh1 h5 26. Rd4 Rxd4 27. exd4 Bd2 28. Re2 Rb1 29. Kg1 Bc3 30. Nc2 Bxc2 31. Rxc2 Bxd4+ 0-1

[Event "Sparkassen-Open A"]
[Site "Heusenstamm, Martinsee"]
[Date "2024.11.21"]
[Round "1.25"]
[White "Papadopoulos, Ioannis"]
[Black "Kretner, Georg-Ulrich"]
[Result "1-0"]
[WhiteElo "2207"]
[BlackElo "1904"]
[PlyCount "37"]
[EventDate "2024.11.21"]
[WhiteTeam "SV Oberursel"]
[BlackTeam "SC Bad Nauheim"]

1. e4 d6 2. d4 Nf6 3. Nc3 g6 4. f4 Bg7 5. Nf3 O-O 6. Bd3 Nc6 7. O-O e5 8. d5 Ne7 9. fxe5 dxe5 10. Bg5 c6 11. Nxe5 cxd5 12. exd5 Qb6+ 13. Kh1 Nexd5 14. Nxd5 Nxd5 15. Nxf7 Rxf7 16. Rxf7 Kxf7 17. Bc4 Bxb2 18. Qxd5+ Kg7 19. Qg8# 1-0

[Event "Sparkassen-Open A"]
[Site "Heusenstamm, Martinsee"]
[Date "2024.11.21"]
[Round "1.26"]
[White "Werner, Rosalie"]
[Black "Browning, Alex"]
[Result "0-1"]
[WhiteElo "1904"]
[BlackElo "2253"]
[PlyCount "86"]
[EventDate "2024.11.21"]
[WhiteTeam "VSG 1880 Offenbach"]
[BlackTeam "SG Porz e. V."]

1. e4 c5 2. Nf3 d6 3. d4 cxd4 4. Nxd4 Nf6 5. Nc3 a6 6. Be2 e5 7. Nb3 Be7 8. O-O O-O 9. Re1 Nbd7 10. a4 b6 11. Bf3 Bb7 12. Nd2 Rc8 13. Nf1 Nc5 14. Ng3 g6 15. Be3 Ne6 16. Qd2 Qc7 17. Rec1 Rfd8 18. Nd5 Nxd5 19. exd5 Nc5 20. b4 Nd7 21. c4 a5 22. Be2 f5 23. Bg5 Bxg5 24. Qxg5 Rf8 25. Qd2 Ra8 26. b5 Nc5 27. Ra3 f4 28. Nf1 Rae8 29. f3 Bc8 30. Qc3 e4 31. fxe4 Nxe4 32. Qd4 Ng5 33. Bf3 Re5 34. Nd2 Rfe8 35. Raa1 Nxf3+ 36. gxf3 Re2 37. Ne4 R8xe4 38. fxe4 Qe7 39. Kh1 Qh4 40. Qg1 Bh3 41. Qxb6 Rxh2+ 42. Kxh2 Qg3+ 43. Kh1 Qg2# 0-1

[Event "Sparkassen-Open A"]
[Site "Heusenstamm, Martinsee"]
[Date "2024.11.21"]
[Round "1.27"]
[White "Sydykov, Bayastan"]
[Black "Gieringer, Clemens"]
[Result "1-0"]
[WhiteElo "2251"]
[BlackElo "1901"]
[PlyCount "51"]
[EventDate "2024.11.21"]
[WhiteTeam "SK 1858 Gießen"]
[BlackTeam "Sfr.Mainz 1928"]

1. e4 c5 2. Nf3 Nc6 3. Bb5 Nf6 4. Nc3 g6 5. O-O Bg7 6. e5 Ng4 7. Bxc6 dxc6 8. Re1 Nh6 9. d3 O-O 10. h3 Nf5 11. Bf4 b6 12. a4 a5 13. Qe2 Nd4 14. Nxd4 Qxd4 15. Qf3 Ba6 16. Re4 Qd8 17. Rae1 e6 18. Qe3 h5 19. Bg5 Qc8 20. Bf6 Kh7 21. Rh4 Rh8 22. g4 Kg8 23. gxh5 Qf8 24. Bxg7 Qxg7 25. h6 Qh7 26. Ne4 1-0